000 00981nam a22002897a 4500
008 130821s1997 sp a gr spa
020 _a8470304453
040 _aCo-BoUCM
_bspa
041 0 0 _aspa
060 _aWM 460
100 1 _aFroufe, Manuel.
_9171717
245 1 3 _aEl inconsciente cognitivo la cara oculta de la mente
_cManuel Froufe ; prólogo Angel Rivière
260 _aMadrid (España)
_bBiblioteca Nueva
_c1997
300 _a398 páginas
_bilustraciones
490 0 _aColección Psicología Universidad
504 _aIncluye bibliografía.
650 0 4 _aMemoria
_919277
650 0 4 _aMente y cuerpo
_919302
650 0 4 _aPercepción subliminal
_921295
650 0 4 _aPerdida del conocimiento
_921308
650 0 4 _aPsicoanálisis
_922781
650 0 4 _aPsiquiatría
_98004
650 0 4 _aSubconsciencia
_924889
650 0 4 _aTeoría del conocimiento
_9403
700 1 _aRiviere, Angel
_d1949-2000.
_9171718
942 _cLIBRO
_a15
_e1
_mF942i
_2NLM
_hWM 460
_n0
999 _c91690
_d91690